[Event "Las Vegas National op"]
[Site "Las Vegas"]
[Date "2024.06.07"]
[Round "3"]
[White "Karkainen, Hayden"]
[Black "Carter, Emmanuel"]
[Result "0-1"]
[WhiteElo "1783"]
[BlackElo "2022"]
[PlyCount "44"]
[EventDate "2024.06.03"]
[EventType "swiss"]
[EventRounds "9"]
[EventCountry "USA"]
[SourceTitle "CB24_2024"]
[SourceDate "2024.06.12"]
[SourceVersion "1"]
[SourceVersionDate "2024.06.12"]
[SourceQuality "1"]

1. d4 Nf6 2. Bf4 d5 3. c3 e6 4. Nf3 c5 5. e3 Nc6 6. Bd3 Be7 7. 0-0 0-0 8. Nbd2 Nh5 9. Ne5 Nxf4 10. exf4 cxd4 11. Qh5 f5 12. Nxc6 bxc6 13. cxd4 Bf6 14. Nf3 Qb6 15. Rad1 Qxb2 16. g4 g6 17. Qh3 fxg4 18. Qxg4 e5 19. f5 e4 20. Rb1 Qa3 21. Rb7 Bxb7 22. fxg6 Qe7 0-1